01012nam a2200241 a 450000100100000000500170001000800410002704000250006808200160009310000300010924501450013926000330028430000200031749000420033749000290037970000290040870000560043770000610049383000490055483000360060395201140063999900170075300003512220200930074123.0111025s1895 sp 000 0 spa d aDO-SdBNPbspacBNPHU axxxxbL733c1 aLimendoux, Félix96080114aLos caracoles :bzarzuela cómica en un acto y tres cuadros, en prosa /cFélix Limendoux, Mariano de Rojas ; música Brull y San José. aMadrid :bR. Velasco,c1895. a32 p. ;c20 cm.1 aAdministración lírico-dramática1 aLa propiedad intelectual12aRojas, Mariano de96080212aBrull Ayerra, Apolinar,d[1845-1905]emús.96080312aSan José Quijano, Teodoro,d[1866-1930]emús.960804 0aAdministración lírico-dramática960790 3aLa propiedad intelectual960805 001050718MOaGRbGRcCTd2011-10-25iLF1l0oxxxx L733cp35122-10r2020-06-25w2020-06-25y1ZNo se presta c34613d34613